Vi nấm dùng trong công nghệ sinh học /

Đã lưu trong:
書目詳細資料
主要作者: Bùi Xuân Đồng.
其他作者: Nguyễn Huy Văn.
格式: Sách giấy
語言:Vietnamese
出版: H. : Khoa học và Kỹ thuật, 2000.
主題:
標簽: 添加標簽
沒有標簽, 成為第一個標記此記錄!
Thư viện lưu trữ: Thư viện Trường Đại học Đà Lạt
LEADER 00835nam a2200313 4500
001 DLU040026437
005 ##20110923
040 # # |a DLU  |b vie 
041 # # |a vie 
044 # # |a vn 
082 # # |a 589.2  |b BU-D 
100 # # |a Bùi Xuân Đồng. 
245 # # |a Vi nấm dùng trong công nghệ sinh học /  |c Bùi Xuân Đồng, Nguyễn Huy Văn. 
260 # # |a H. :  |b Khoa học và Kỹ thuật,  |c 2000. 
300 # # |a 201 tr. :  |b minh hoạ ;  |c 24 cm. 
504 # # |a Tài liệu tham khảo chính :tr.199. 
650 # # |a Aflatoxin. 
650 # # |a Nấm men  |x Công nghệ sinh học. 
700 # # |a Nguyễn Huy Văn. 
991 # # |a GT 
992 # # |a 22500 
994 # # |a DLU 
900 # # |a True 
911 # # |a Đào Thị Thu Huyền 
925 # # |a G 
926 # # |a A 
927 # # |a SH 
980 # # |a Thư viện Trường Đại học Đà Lạt